Aeropuertos más transitados de México - Estadísticas

Estadísticas generales
  • Esta prueba ha sido intentada 127 veces
    125 desde el último reinicio
  • La puntuación promedio es 7 de 10
Estadísticas de respuestas
# Ciudad % Correcto
50.3 m Ciudad de México
100%
14.8 m Guadalajara
98%
25.4 m Cancún
93%
11.1 m Monterrey
93%
8.9 m Tijuana
92%
2.79 m Mérida
78%
2.74 m León (Bajío)
51%
5.3 m Los Cabos
50%
4.9 m Puerto Vallarta
44%
2.4 m Culiacán
38%
No se encontraron pruebas coincidentes
Distribución de puntuación
Porcentaje de gente con cada puntuación
Porcentaje por número respondido
Historial de tus puntuaciones
No has intentado esta prueba desde el último reinicio